La Iglesia y la comunidad política : documentos colectivos de los episcopados católicos de todo el mundo, 1965-1975 /

Posterior al Vaticano II se produjo un movimiento renovador en la Iglesia Católica en la que se discutía el papel de la Iglesia en la política y conforme a este tema el editor reúne todos los documentos que se han hecho en reuniones episcopales en las fechas marcadas por el título.

Сохранить в:
Библиографические подробности
Главный автор: Martín Martinez, Isidoro (ed.)
Формат:
Язык:испанский
Опубликовано: Madrid, España : Editorial Católica, 1975, c1975
Серии:(Biblioteca de Autores Cristianos ; 377)
Предметы:
Метки: Добавить метку
Нет меток, Требуется 1-ая метка записи!

MARC

LEADER 00000nam^a2200000^a^4500
001 000317829
005 20250521000000.0
009 20260310113356.081
020 |a 84-220-0731-2 
025 |a Donación Luis González Martínez, 1 ejemplar 
037 |a Acervo ITESO - Biblioteca 
041 |a ESP 
082 |a 200.  |b BAC MAR IGL 
100 |a Martín Martinez, Isidoro  |e (ed.) 
245 1 3 |a La Iglesia y la comunidad política :  |b documentos colectivos de los episcopados católicos de todo el mundo, 1965-1975 /  |c Ed. de I. Martín Martinez. 
264 4 |a Madrid, España :  |b Editorial Católica,  |c 1975, c1975 
300 |a XLIV, 759 p. 
336 |a texto  |b txt  |2 rdacontenido 
337 |a sin mediación  |b n  |2 rdamedio 
338 |a volumen  |b nc  |2 rdasoporte 
440 1 |a (Biblioteca de Autores Cristianos ;  |v 377) 
520 |a Posterior al Vaticano II se produjo un movimiento renovador en la Iglesia Católica en la que se discutía el papel de la Iglesia en la política y conforme a este tema el editor reúne todos los documentos que se han hecho en reuniones episcopales en las fechas marcadas por el título. 
649 |a XX 
650 |a Iglesia y Problemas Sociales -  |x Tema Principal 
650 |a Iglesia y Estado 
650 |a Iglesia Católica -  |x Documentos Doctrinales -  |x Tema Principal 
650 |a Iglesia Católica -  |x Historia -  |x Documentos 
650 |a Iglesia Católica -  |x Historia -  |y Siglo XX 
650 |a Cristianismo y Política -  |x Tema Principal 
650 |a Cristianismo 
650 |a Religión 
910 |a Fondo Luis González Martínez 
920 |a Impresos - Libros 
930 |a Colección General 
905 |a 139 
901 |a 0500204827  |b IT1  |c ESP  |i D  |u 20250521 
902 |a https://opac.biblio.iteso.mx/vufind/Record/000317829